| 000 | 00558nam a22001697a 4500 | ||
|---|---|---|---|
| 008 | 171213b xxu||||| |||| 00| 0 eng d | ||
| 020 | _a9780071147743 | ||
| 082 |
_21996 _aDC 781.2 _bT84 |
||
| 100 |
_925099 _aTurek, Ralph, author. |
||
| 245 |
_aThe elements of music : _bconcepts and applications / _cRalph Turek. |
||
| 250 | _aSecond edition. | ||
| 260 |
_aNew York : _bMcGraw-Hill, _c©1996. |
||
| 300 |
_axvi, 528 pages : _billustrations ; _c28 cm. |
||
| 500 | _aIncludes indexes. | ||
| 650 | 0 |
_925100 _aMusic theory _xElementary works. |
|
| 942 |
_2ddc _cDC |
||
| 999 |
_c8111 _d8111 |
||